<?xml version='1.0' encoding='UTF-8'?>
  <record xmlns="http://www.loc.gov/MARC21/slim">
    <leader>00000cam a22000007i 4500</leader>
    <controlfield tag="001">ocm68857413</controlfield>
    <controlfield tag="003">OCoLC</controlfield>
    <controlfield tag="005">20250715210334.8</controlfield>
    <controlfield tag="008">960129s1627    ne            000 0 dut d</controlfield>
    <datafield tag="040" ind1=" " ind2=" ">
      <subfield code="a">NLGGC</subfield>
      <subfield code="b">dut</subfield>
      <subfield code="e">fobidrtb</subfield>
      <subfield code="c">NLGGC</subfield>
      <subfield code="d">WURST</subfield>
      <subfield code="d">OCLCA</subfield>
      <subfield code="d">OCLCL</subfield>
      <subfield code="d">OCLCQ</subfield>
    </datafield>
    <datafield tag="029" ind1="0" ind2=" ">
      <subfield code="a">NLGGC</subfield>
      <subfield code="b">145295184</subfield>
    </datafield>
    <datafield tag="035" ind1=" " ind2=" ">
      <subfield code="a">(OCoLC)68857413</subfield>
    </datafield>
    <datafield tag="100" ind1="1" ind2=" ">
      <subfield code="a">Estienne, Charles,</subfield>
      <subfield code="d">1504-1564.</subfield>
      <subfield code="1">https://id.oclc.org/worldcat/entity/E39PBJxxkDJr4Wf6ykfywt4Dv3</subfield>
    </datafield>
    <datafield tag="245" ind1="1" ind2="3">
      <subfield code="a">De velt-bovv ofte landt-winninghe: inhoudende eene rechte wel bestellinge eenes hofs te bouwen: cruydt-hoven ende fruyt-hoven te maecken :</subfield>
      <subfield code="b">alderhande bomen te planten: byen te houden: te distilleren: beemden, vijvers, en̄ staende wateren te maken, ende die te onderhouden: visschen te vangen: ackerlant te winnen: wijngaerden te oeffenen: medicinale wijnen te bereyden: parc voor wilde beesten te maken: mitsgaders de wolve-jacht. /</subfield>
      <subfield code="c">Alles beschreven van M. Kaerle Stevens, ende M. Ian Libaut, ... Ende nu vermeerdert door ... Melchior Sebizius Silesius ..</subfield>
    </datafield>
    <datafield tag="246" ind1="3" ind2=" ">
      <subfield code="a">Velt-bouw</subfield>
    </datafield>
    <datafield tag="260" ind1=" " ind2=" ">
      <subfield code="a">Tot Amstelredam :</subfield>
      <subfield code="b">voor Hendrick Laurensz.#op't Water in't Schrijf-boeck#,</subfield>
      <subfield code="c">1627.</subfield>
    </datafield>
    <datafield tag="300" ind1=" " ind2=" ">
      <subfield code="a">[2], 259, [13] p. ;</subfield>
      <subfield code="c">in-2.</subfield>
    </datafield>
    <datafield tag="336" ind1=" " ind2=" ">
      <subfield code="a">tekst</subfield>
      <subfield code="b">txt</subfield>
      <subfield code="2">rdacontent/dut</subfield>
    </datafield>
    <datafield tag="337" ind1=" " ind2=" ">
      <subfield code="a">zonder medium</subfield>
      <subfield code="b">n</subfield>
      <subfield code="2">rdamedia/dut</subfield>
    </datafield>
    <datafield tag="338" ind1=" " ind2=" ">
      <subfield code="a">band</subfield>
      <subfield code="b">nc</subfield>
      <subfield code="2">rdacarrier/dut</subfield>
    </datafield>
    <datafield tag="500" ind1=" " ind2=" ">
      <subfield code="a">A 4  B-X 6  Y-Z 4  2A 6  (2A6 blanco; Z3 niet gesig.).</subfield>
    </datafield>
    <datafield tag="500" ind1=" " ind2=" ">
      <subfield code="a">Het laatste hoofdstuk (boek X) is een vertaling van 'La chasse du loup' van Jean de Clamorgan. Met 2 registers door Hendrick van der Noot.</subfield>
    </datafield>
    <datafield tag="500" ind1=" " ind2=" ">
      <subfield code="a">Titel in boekdruk, hieronder titelhoutsnede, het geheel in randlijst in houtsnede. Met 20 houtsnedes en 4 geometrische fig. in de tekst.</subfield>
    </datafield>
    <datafield tag="510" ind1="0" ind2=" ">
      <subfield code="a">BMN 2-208</subfield>
    </datafield>
    <datafield tag="510" ind1="0" ind2=" ">
      <subfield code="a">Ferro 73f</subfield>
    </datafield>
    <datafield tag="510" ind1="0" ind2=" ">
      <subfield code="a">VandeVelde III: 36</subfield>
    </datafield>
    <datafield tag="530" ind1=" " ind2=" ">
      <subfield code="a">Titel is geselecteerd voor digitalisering voor de Universiteit van Amsterdam in het kader van het Google Books-project.</subfield>
    </datafield>
    <datafield tag="653" ind1="0" ind2="0">
      <subfield code="a">landbouw</subfield>
    </datafield>
    <datafield tag="653" ind1="0" ind2="0">
      <subfield code="a">agriculture</subfield>
    </datafield>
    <datafield tag="653" ind1="0" ind2="0">
      <subfield code="a">tuinbouw</subfield>
    </datafield>
    <datafield tag="653" ind1="0" ind2="0">
      <subfield code="a">horticulture</subfield>
    </datafield>
    <datafield tag="653" ind1="0" ind2="0">
      <subfield code="a">jagen</subfield>
    </datafield>
    <datafield tag="653" ind1="0" ind2="0">
      <subfield code="a">hunting</subfield>
    </datafield>
    <datafield tag="653" ind1="0" ind2="0">
      <subfield code="a">canidae</subfield>
    </datafield>
    <datafield tag="653" ind1="1" ind2="0">
      <subfield code="a">Horticulture</subfield>
    </datafield>
    <datafield tag="653" ind1="1" ind2="0">
      <subfield code="a">Tuinbouw</subfield>
    </datafield>
    <datafield tag="700" ind1="1" ind2=" ">
      <subfield code="a">Liebault, Johannes,</subfield>
      <subfield code="d">ca. 1535-1596.</subfield>
      <subfield code="1">https://id.oclc.org/worldcat/entity/E39PBJf8qKcfB4Jqy9yXTD6HYP</subfield>
    </datafield>
    <datafield tag="700" ind1="1" ind2=" ">
      <subfield code="a">Sebisch, Melchior,</subfield>
      <subfield code="d">1578-1674.</subfield>
      <subfield code="1">https://id.oclc.org/worldcat/entity/E39PBJbxD6bdHXG9WFXRgYbrv3</subfield>
    </datafield>
    <datafield tag="700" ind1="1" ind2=" ">
      <subfield code="a">Clamorgan, Jean.</subfield>
    </datafield>
    <datafield tag="710" ind1="0" ind2=" ">
      <subfield code="a">Laurensz, Hendrick (Amsterdam)</subfield>
      <subfield code="4">prt</subfield>
      <subfield code="0">(NL-LeOCL)077137523</subfield>
    </datafield>
    <datafield tag="758" ind1=" " ind2=" ">
      <subfield code="a">De velt-bovv ofte landt-winninghe: inhoudende eene rechte wel bestellinge eenes hofs te bouwen: cruydt-hoven ende fruyt-hoven te maecken (Text)</subfield>
      <subfield code="1">https://id.oclc.org/worldcat/entity/E39PCFXHMPqpY3pjdkVBJdfHFq</subfield>
      <subfield code="4">https://id.oclc.org/worldcat/ontology/hasWork</subfield>
    </datafield>
    <datafield tag="776" ind1="0" ind2=" ">
      <subfield code="t">De velt-bouw</subfield>
      <subfield code="w">(NL-LeOCL)396903959</subfield>
    </datafield>
    <datafield tag="776" ind1="0" ind2=" ">
      <subfield code="t">De velt-bouw</subfield>
      <subfield code="w">(NL-LeOCL)396903967</subfield>
    </datafield>
    <datafield tag="936" ind1=" " ind2=" ">
      <subfield code="a">BATCHLOAD</subfield>
    </datafield>
  </record>